书目信息 |
| 题名: |
贝叶斯统计
|
|
| 作者: | 茆诗松、汤银才 | |
| 分册: | ||
| 出版信息: | 北京 中国统计出版社 2012 |
|
| 页数: | 302页 | |
| 开本: | 20cm | |
| 丛书名: | ||
| 单 册: | ||
| 中图分类: | O212.8 | |
| 科图分类: | ||
| 主题词: | 概率论 , 数理统计 | |
| 电子资源: | ||
| ISBN: | 978-7-5037-6692-3 | |
| 000 | 00611nam0 2200205 450 | |
| 001 | 1734993170 | |
| 005 | 20170405094313.18 | |
| 010 | @a978-7-5037-6692-3@d¥39.00 | |
| 100 | @a20170405d km y0chiy0120 ea | |
| 101 | 0 | @achi |
| 200 | 1 | @a贝叶斯统计@Abei ye si tong ji@f茆诗松、汤银才@Fmao shi song、tang yin cai |
| 205 | @a2版 | |
| 210 | @a北京@c中国统计出版社@d2012 | |
| 215 | @a302页@d20cm | |
| 606 | 0 | @a概率论 |
| 606 | 0 | @a数理统计 |
| 690 | @aO212.8@v4 | |
| 701 | 0 | @a茆诗松、汤银才@Amao shi song、tang yin cai |
| 801 | 0 | @aCN@b大连网信软件有限公司图书馆·11@c20170405 |
| 905 | @b6706122@dO212.8@eS161@f1 | |
| 贝叶斯统计/茆诗松、汤银才.-2版.-北京:中国统计出版社,2012 |
| 302页;20cm |
| ISBN 978-7-5037-6692-3:¥39.00 |
| ● |
| 相关链接 |
|
|
|
|
正题名:贝叶斯统计
索取号:O212.8/S161
 
预约/预借
| 序号 | 登录号 | 条形码 | 馆藏地/架位号 | 状态 | 备注 |
| 1 | 6706122 | 267061225 | 密集书库-数信学院/ [索取号:O212.8/S161] | 在馆 |